| 000 | 00658 a2200193 4500 | ||
|---|---|---|---|
| 999 |
_c6897 _d6897 |
||
| 020 | _a9781412948029 | ||
| 020 | _a9781412948036 (pbk.) | ||
| 050 | 0 | 0 | _aGN 347 PIN 2009 |
| 100 | 1 |
_aPink, Sarah. _eauthor |
|
| 245 | 1 | 0 |
_aDoing sensory ethnography / _cSarah Pink. |
| 264 |
_aLos Angles : _bSage _c2009 |
||
| 300 |
_aviii, 168 p. : _bill. ; |
||
| 500 | _aIncludes bibliographical references (p. [155]-164) and index. | ||
| 504 | _aIncludes bibliographical references (p. [155]-164) and index. | ||
| 650 | 0 | _aVisual anthropology. | |
| 650 | 0 | _aSensory evaluation. | |
| 942 |
_2lcc _cBK _h347 _iPIN _kGN |
||